|
|
|
|
| LEADER |
00652nab a2200181 i 4500 |
| 001 |
misc24213 |
| 005 |
20191222151132.0 |
| 008 |
170912s1923 hu o 0|| zxx d |
| 040 |
|
|
|a SZTE Miscellanea Repozitórium
|b hun
|
| 041 |
|
|
|a zxx
|
| 100 |
1 |
|
|a Márki Sándor
|
| 245 |
1 |
0 |
|a Emlékbeszéd Ortvay Tivadarról
|h [elektronikus dokumentum] :
|b felolvastatott az 1918. évi febr. 22-én tartott együttes-ülésen /
|c Márki Sándor
|
| 260 |
|
|
|c 1923
|
| 300 |
|
|
|a 1-32
|
| 490 |
0 |
|
|a Kolligátum
|
| 695 |
|
|
|a Történettudomány - magyar - 19. sz.
|
| 700 |
0 |
1 |
|a Ortvay Tivadar
|
| 856 |
4 |
0 |
|u http://misc.bibl.u-szeged.hu/24213/1/011_002_001-032.pdf
|z Dokumentum-elérés
|